Paroles - Pas à ma place - Lujipeka - Statistiques

Statistiques générales
  • Ce quiz a été pris 96 fois
  • Le résultat moyen est 472 sur 624
Statistiques - réponses
Réponse % Correct
j'
100%
J'
100%
à
98%
a
98%
je
98%
« je
98%
Je
98%
pas
98%
Pas
98%
m'
97%
s'
97%
d'
95%
suis
95%
« c'
94%
c'
94%
l'
91%
place,
91%
place.
91%
place
91%
ma
89%
t'
89%
un
88%
et
86%
la
86%
le
86%
est
85%
de
83%
me
83%
Me
83%
qu'
83%
une
83%
Comme
79%
comme
79%
les
79%
ai
76%
ne
76%
tout
76%
mis
74%
dit
73%
vie
73%
que
71%
ou
70%
plus
70%
si
70%
en
68%
mon
68%
peine »,
68%
te
68%
Te
68%
trou
68%
avec
67%
étoile.
67%
filé
67%
donc
65%
du
65%
quand
65%
qui
65%
sur
65%
ta
65%
ans.
64%
Ici,
64%
même,
64%
même
64%
on
64%
On
64%
voiles.
64%
dans
62%
Dans
62%
sans
62%
veux
62%
aurai
61%
des
61%
dire
61%
il
61%
jamais
61%
quarante
61%
trouver
61%
Demain
59%
meilleur
59%
meilleur,
59%
monde
59%
parti
59%
sais
59%
vouloir.
59%
as
58%
hier
58%
Into
58%
ressemblait
58%
style
58%
fait
56%
miser
56%
noir.
56%
peut-être
56%
quitté,
56%
sens
56%
the
56%
casse
55%
casse,
55%
couilles
55%
faut
55%
gâché
55%
mec
55%
paix
55%
plaît,
55%
projets
55%
Wild
55%
belle,
53%
échapper
53%
fête,
53%
Tu
53%
pour
52%
tous
52%
trouverai
52%
vos
52%
voulais
52%
averses,
50%
cent
50%
emmène ».
50%
être
50%
gens
50%
liberte
50%
mille
50%
Pardon
50%
cassez
48%
désolé
48%
pleuré
48%
club.
47%
coups
47%
différent
47%
vais
47%
besoin
45%
musique,
45%
obtiendrai
45%
ont
45%
taf,
45%
taf.
45%
ton
45%
bien
44%
fight
44%
juste
44%
sous
44%
iPhone.
42%
Achille
41%
ailleurs.
41%
écran
41%
talon
41%
voudrais
41%
y
41%
BPM
39%
cœur.
39%
dérobe.
39%
essaye
39%
leur
39%
robes.
39%
joints
38%
Paris,
38%
psy
38%
assez
36%
cage.
36%
décalé
36%
libre
36%
mais
36%
photomontage.
36%
scout,
36%
shit
36%
soirée,
36%
vivre,
36%
fous
35%
tour
35%
parce
33%
regardais
33%
courir
32%
pouls
32%
royal
32%
chantera :
30%
cherché
30%
crois
30%
pince-monseigneur.
30%
chiens
29%
Night
29%
toutes
29%
attaches,
27%
Devenir
27%
livres
27%
nos
27%
riche,
27%
sourire
27%
avant
26%
but
26%
erre
26%
voyage.
26%
Shift,
23%
Atlas,
21%
rongé
18%
tenait
14%
Aucun quiz correspondant
Distribution des résultats
% des personnes avec chaque résultat
Percentile par nombre de réponses
Votre historique - résultats
Vous n’avez pas pris ce quiz